Teaching engineering : a beginner's guide /

Bibliographic Details
Other Authors: Gupta, Madhu S.
Format: Book
Language:English
Published: New York : IEEE Press, [1987]
Series:IEEE Press selected reprint series
Subjects:

MARC

Tag First Indicator Second Indicator Subfields
LEADER 00000cam a2200000 a 4500
001 in00000010514
005 20151007051402.0
008 870803r1987 nyua b 00100 eng
010 |a  87022543  
020 |a 0879422343 
035 |a (OCoLC)16523383 
035 |9 AAA2725AM 
040 |a DLC  |c DLC  |d TXA  |d UtOrBLW 
049 |a TXAM  |c [A11030756] 
050 0 0 |a T65  |b .T36 1987 
082 0 |a 620/.007/11  |2 19 
245 0 0 |a Teaching engineering :  |b a beginner's guide /  |c edited by Madhu S. Gupta. 
264 1 |a New York :  |b IEEE Press,  |c [1987] 
264 4 |c ©1987 
300 |a ix, 275 pages :  |b illustrations ;  |c 29 cm. 
336 |a text  |b txt  |2 rdacontent 
337 |a unmediated  |b n  |2 rdamedia 
338 |a volume  |b nc  |2 rdacarrier 
490 0 |a IEEE Press selected reprint series 
500 |a "Published with the cooperation of the American Society for Engineering Education." 
500 |a "IEEE order number: PC02238"--Title page verso. 
504 |a Bibliography: pages 265-266. 
500 |a Includes indexes. 
650 0 |a Engineering  |x Study and teaching. 
700 1 |a Gupta, Madhu S. 
999 |a MARS 
999 f f |s 863ba6aa-a974-3a57-9677-ed9493716b27  |i fa17253a-c48b-367a-92ca-c9bd44d0f5cc  |t 0 
952 f f |p normal  |a Texas A&M University  |b College Station  |c Sterling C. Evans Library  |d Evans: Library Stacks  |t 0  |e T65 T36 1987  |h Library of Congress classification  |i unmediated -- volume  |m A14811030756 
998 f f |a T65 T36 1987  |t 0  |l Evans: Library Stacks